[Event "Cergy Pontoise-Rennes Paul Bert"]
[Site "Gien"]
[Date "2007.11.24"]
[Round "2.5"]
[White "Jaulin, Marc"]
[Black "Bleuzen, Cedric"]
[Result "1/2-1/2"]
[WhiteElo "2155"]
[BlackElo "2015"]
[PlyCount "136"]
[EventDate "2007.11.24"]
[SourceDate "2007.10.25"]

1. e4 e6 2. d4 d5 3. Nc3 Bb4 4. e5 c5 5. a3 Bxc3+ 6. bxc3 Qc7 7. Nf3 Bd7 8. a4
Qa5 9. Bd2 c4 10. Qb1 Na6 11. g3 Ne7 12. Bh3 Bxa4 13. O-O b5 14. Nh4 Qc7 15.
Ra2 Qd7 16. Qd1 O-O-O 17. Bc1 Rdg8 18. Qh5 Qe8 19. Nf3 h6 20. Ne1 Kb7 21. Bg2
Nc8 22. Qe2 Nb6 23. Bh1 Nb8 24. Ng2 Nc6 25. Ba3 a5 26. Rb1 Ka6 27. Bc5 Nd7 28.
Bd6 Na7 29. Ne3 Nb6 30. Bf3 Qc6 31. Bh5 g6 32. Bf3 f5 33. Be7 Rh7 34. Bc5 Nac8
35. Bh1 h5 36. Ng2 g5 37. h4 gxh4 38. Nxh4 f4 39. Kh2 fxg3+ 40. fxg3 Qd7 41.
Bf3 Qg7 42. Rg1 Qg5 43. Rg2 Nd7 44. Ba3 Rgh8 45. Ra1 Ne7 46. Bc1 Qg7 47. Be3
Qf7 48. Rf1 Qe8 49. Rgf2 Rg8 50. Rg2 Rgg7 51. Rfg1 Qh8 52. Rf1 Rf7 53. Rgf2 Kb6
54. Qd2 Kc7 55. Bg2 Rfg7 56. Bh3 Qg8 57. Rf3 Rh8 58. Bh6 Rgh7 59. Bg5 Ng6 60.
Rf6 Nxh4 61. Bxe6 Qe8 62. Bxd7 Qxd7 63. gxh4 Re8 64. Qe2 Kb7 65. Qg2 Re6 66.
Rxe6 Qxe6 67. Rf6 Qg8 68. e6 b4 1/2-1/2

[Event "Cergy Pontoise-Rennes Paul Bert"]
[Site "Gien"]
[Date "2007.11.24"]
[Round "2.6"]
[White "Jegourel, Cyrille"]
[Black "Ricroque, Jean Pierre"]
[Result "0-1"]
[WhiteElo "2054"]
[BlackElo "1973"]
[PlyCount "184"]
[EventDate "2007.11.24"]
[SourceDate "2007.10.25"]

1. e4 c5 2. Nf3 d6 3. d4 cxd4 4. Nxd4 Nf6 5. Nc3 a6 6. Bc4 e6 7. Bb3 b5 8. O-O
Be7 9. Qf3 Qd7 10. Qg3 O-O 11. Bh6 Ne8 12. Rad1 Kh8 13. Bg5 Bb7 14. Nf3 Nc6 15.
Ne2 f6 16. Nf4 fxg5 17. Nxe6 Rxf3 18. gxf3 Na5 19. Nxg5 Bxg5 20. Qxg5 Nxb3 21.
axb3 Rc8 22. Qf4 h6 23. c3 Qh3 24. Qg3 Qe6 25. b4 Rc7 26. Rfe1 Rf7 27. Qg4 Qe5
28. Re3 Nc7 29. Red3 d5 30. Re3 dxe4 31. fxe4 h5 32. Qg6 Kg8 33. Rd8+ Rf8 34.
Rxf8+ Kxf8 35. Qf5+ Qxf5 36. exf5 Bd5 37. Rh3 Bf7 38. Re3 Nd5 39. Re5 Kg8 40.
h4 Kh7 41. Kh2 Kh6 42. Kg3 g5 43. fxg6 Kxg6 44. Kf3 Kf6 45. Ke4 Ne7 46. Rc5
Bg6+ 47. Kf4 Be8 48. b3 Nc6 49. Rf5+ Ke6 50. Rf8 Ke7 51. Rh8 Nd8 52. Rh6 Ne6+
53. Ke5 Nc7 54. c4 Bf7 55. Rh7 Ne6 56. Rh6 Nc7 57. c5 Ne6 58. f4 Nf8 59. f5
Nd7+ 60. Kf4 Nf6 61. c6 Be8 62. c7 Nd5+ 63. Ke5 Nxc7 64. Rb6 Bf7 65. f6+ Kd7
66. Rd6+ Kc8 67. Rd3 Ne8 68. Kf5 Kc7 69. Re3 Nd6+ 70. Ke5 Ne8 71. Kf5 Nd6+ 72.
Kg5 Kc6 73. Rd3 Kd7 74. Kh6 Ke6 75. Kg7 Nf5+ 76. Kf8 Kxf6 77. Rd6+ Be6 78. Rxa6
Nxh4 79. Rb6 Nf5 80. Rxb5 h4 81. Rc5 h3 82. Rc2 Ne3 83. Rh2 Ke5 84. b5 Kd6 85.
b6 Nd5 86. Rd2 Kc6 87. Re2 Bf5 88. Rf2 Be4 89. Re2 Bf5 90. Rf2 Bg4 91. Rf7 Kxb6
92. Rh7 Nf4 0-1

[Event "Cergy Pontoise-Rennes Paul Bert"]
[Site "Gien"]
[Date "2007.11.24"]
[Round "2.7"]
[White "Hameau, Cyril"]
[Black "Bleuzen, Erwan"]
[Result "1-0"]
[WhiteElo "2073"]
[BlackElo "2038"]
[PlyCount "29"]
[EventDate "2007.11.24"]
[SourceDate "2007.10.25"]

1. d4 Nf6 2. Bg5 d5 3. Nc3 Bf5 4. f3 c6 5. Qd2 Nbd7 6. O-O-O b5 7. g4 Bg6 8.
Re1 e6 9. e4 b4 10. Nd1 Qa5 11. Kb1 dxe4 12. Bxf6 Nxf6 13. g5 e3 14. Rxe3 Qxg5
15. Rxe6+ 1-0

[Event "Bois Colombes II-Quimper"]
[Site "Gien"]
[Date "2007.11.24"]
[Round "2.1"]
[White "Toma, Michal"]
[Black "Bleunven, Andre"]
[Result "0-1"]
[WhiteElo "2216"]
[BlackElo "2271"]
[PlyCount "112"]
[EventDate "2007.11.24"]
[SourceDate "2007.10.25"]

1. e4 c5 2. Nc3 a6 3. g3 b5 4. Bg2 Bb7 5. d3 e6 6. f4 d5 7. e5 Ne7 8. Nf3 Nf5
9. O-O Nc6 10. a3 Be7 11. g4 Nfd4 12. Ne2 Nxf3+ 13. Bxf3 Qb6 14. Be3 f6 15.
exf6 gxf6 16. c3 Rd8 17. d4 O-O 18. Qd3 Kh8 19. Kh1 cxd4 20. cxd4 a5 21. f5 e5
22. dxe5 d4 23. exf6 Ne5 24. Bxd4 Nxf3 25. Bxb6 Rxd3 26. Nf4 Rd2 27. Rf2 Rxf6
28. Be3 Rxf2 29. Bxf2 Rd6 30. Rc1 Rd2 31. Bg3 Bf6 32. Rc7 Rd1+ 33. Kg2 Rd2+ 34.
Kf1 Be4 35. Rc8+ Rd8 36. Rxd8+ Bxd8 37. Ne6 Bf6 38. b3 Nd2+ 39. Ke2 Nxb3 40.
Ke3 Bd5 41. Nc7 Bc4 42. Bd6 Kg8 43. Ne8 Bc3 44. h4 Kf7 45. Nc7 Be1 46. h5 Bd2+
47. Kf3 Bg5 48. Ke4 Nd2+ 49. Kd4 Bf6+ 50. Ke3 Bg5+ 51. Kd4 h6 52. Nd5 Be2 53.
Ne3 Bxe3+ 54. Kxe3 Nc4+ 55. Kxe2 Nxd6 56. Kd3 Nc4 0-1

[Event "Bois Colombes II-Quimper"]
[Site "Gien"]
[Date "2007.11.24"]
[Round "2.2"]
[White "Jolly, Jean Francois"]
[Black "L'Henoret, Thierry"]
[Result "0-1"]
[WhiteElo "2304"]
[BlackElo "2110"]
[PlyCount "54"]
[EventDate "2007.11.24"]
[SourceDate "2007.10.25"]

1. d4 Nf6 2. c4 e6 3. Nc3 d5 4. Bg5 c6 5. e3 Nbd7 6. Nf3 Bd6 7. cxd5 exd5 8.
Qc2 O-O 9. Bd3 h6 10. Bh4 Re8 11. g4 g5 12. Bg3 Bxg3 13. hxg3 Nxg4 14. O-O-O
Kg7 15. Ne1 Ndf6 16. Ng2 Re7 17. Rde1 Qe8 18. Nd1 Ne4 19. f3 Nxg3 20. Rhg1 Nf6
21. Nc3 Qd7 22. Qf2 Nf5 23. Bc2 Qd6 24. Nf4 Nxe3 25. Qh2 Qb8 26. Rxg5+ hxg5 27.
Rh1 Bh3 0-1

[Event "Bois Colombes II-Quimper"]
[Site "Gien"]
[Date "2007.11.24"]
[Round "2.3"]
[White "Debeaune, Robin"]
[Black "Entem, Alan"]
[Result "1-0"]
[WhiteElo "2208"]
[BlackElo "2168"]
[PlyCount "81"]
[EventDate "2007.11.24"]
[SourceDate "2007.10.25"]

1. g3 g6 2. Bg2 Bg7 3. Nf3 Nc6 4. c4 e5 5. Nc3 Nge7 6. O-O O-O 7. d3 d6 8. Rb1
f5 9. Ne1 f4 10. b4 Nf5 11. b5 Ncd4 12. e3 Ne6 13. Nd5 g5 14. Nc2 Bd7 15. Bb2
c6 16. Nc3 Qf6 17. Ba3 Qh6 18. Ne4 c5 19. b6 a6 20. Nc3 Rab8 21. Nd5 Bc6 22.
Qg4 Kh8 23. Be4 Qg6 24. Ne7 Qf7 25. Nxf5 h5 26. Qe2 f3 27. Qxf3 g4 28. Qe2 Ng5
29. Bxc6 Qxf5 30. Be4 Qf6 31. Kg2 Nf3 32. Ne1 h4 33. Kh1 Nxh2 34. Kxh2 Qh6 35.
Qxg4 Bf6 36. Kg2 Rg8 37. Qf5 Rg7 38. Rh1 Rbg8 39. Kf1 Bg5 40. Ke2 Be7 41. Nf3
1-0

[Event "Bois Colombes II-Quimper"]
[Site "Gien"]
[Date "2007.11.24"]
[Round "2.4"]
[White "Cadiou, Jacques"]
[Black "Bernard, Vincent"]
[Result "1/2-1/2"]
[WhiteElo "1974"]
[BlackElo "2186"]
[PlyCount "82"]
[EventDate "2007.11.24"]
[SourceDate "2007.10.25"]

1. Nf3 c5 2. c4 g6 3. e4 Nc6 4. d4 cxd4 5. Nxd4 Nf6 6. Nc3 d6 7. Be2 Nxd4 8.
Qxd4 Bg7 9. Bg5 O-O 10. Qd2 Be6 11. Rc1 Qa5 12. O-O a6 13. Rfd1 Rfc8 14. b3 b5
15. Bxf6 Bxf6 16. Nd5 Qxd2 17. Nxf6+ Kg7 18. Nh5+ gxh5 19. Rxd2 bxc4 20. bxc4
Rc5 21. Rc3 Rac8 22. Rdc2 h4 23. f3 f5 24. Kf2 f4 25. g3 hxg3+ 26. hxg3 fxg3+
27. Kxg3 Kf6 28. Kf4 Bf7 29. Bd3 h5 30. Rh2 Rg8 31. Ra3 a5 32. Rc3 Rg1 33. Rcc2
Rd1 34. Ke3 Rg1 35. Kf4 Re1 36. Rhe2 Rxe2 37. Bxe2 Rg5 38. Bd3 Rc5 39. Ke3 Rg5
40. Kf4 Rc5 41. Ke3 Rg5 1/2-1/2

[Event "Bois Colombes II-Quimper"]
[Site "Gien"]
[Date "2007.11.24"]
[Round "2.5"]
[White "Stenel, Vincent"]
[Black "Bodenez, Claire"]
[Result "1/2-1/2"]
[WhiteElo "2133"]
[BlackElo "2034"]
[PlyCount "50"]
[EventDate "2007.11.24"]
[SourceDate "2007.10.25"]

1. e4 d5 2. exd5 Qxd5 3. Nc3 Qa5 4. d4 c6 5. Nf3 Bf5 6. Bc4 Nd7 7. Bd2 e6 8.
Qe2 Bb4 9. Nh4 Ngf6 10. Nxf5 Qxf5 11. O-O-O O-O-O 12. Kb1 Nb6 13. Bd3 Qg4 14.
a3 Qxe2 15. Nxe2 Bxd2 16. Rxd2 Ng4 17. f3 Nf2 18. Re1 Nxd3 19. Rxd3 Rd7 20. Re3
Nc4 21. Rd3 Rhd8 22. Red1 e5 23. c3 exd4 24. Rxd4 Rxd4 25. Rxd4 Rxd4 1/2-1/2

[Event "Bois Colombes II-Quimper"]
[Site "Gien"]
[Date "2007.11.24"]
[Round "2.6"]
[White "Baudon, Andrew"]
[Black "Choisy, Mathilde"]
[Result "0-1"]
[WhiteElo "1935"]
[BlackElo "2100"]
[PlyCount "62"]
[EventDate "2007.11.24"]
[SourceDate "2007.10.25"]

1. e4 c5 2. c3 Nf6 3. e5 Nd5 4. d4 cxd4 5. Nf3 Nc6 6. cxd4 d6 7. Bc4 Nb6 8. Bb5
d5 9. Nc3 Bg4 10. h3 Bxf3 11. Qxf3 e6 12. Be3 a6 13. Be2 Nd7 14. Qg4 h5 15. Qg3
Qb6 16. O-O g6 17. Rfd1 Qxb2 18. Bd2 Nxd4 19. Bf1 Nf5 20. Qf3 Qa3 21. Bc1 Qc5
22. Nxd5 exd5 23. Rxd5 Qc6 24. Bb2 Nb6 25. e6 Qxd5 26. exf7+ Kxf7 27. Qxd5+
Nxd5 28. Bc4 Nfe7 29. Bxh8 Bg7 30. Bxg7 Kxg7 31. Rb1 b5 0-1

[Event "Bois Colombes II-Quimper"]
[Site "Gien"]
[Date "2007.11.24"]
[Round "2.7"]
[White "Plane, Boris"]
[Black "Le Du, Michel"]
[Result "0-1"]
[WhiteElo "2151"]
[BlackElo "1949"]
[PlyCount "55"]
[EventDate "2007.11.24"]
[SourceDate "2007.10.25"]

1. e4 g6 2. d4 d6 3. Bc4 Bg7 4. Nc3 Nf6 5. Qe2 c6 6. f4 O-O 7. Nf3 b5 8. Bb3 b4
9. Nd1 a5 10. a4 Ba6 11. Qd3 Nbd7 12. Nf2 c5 13. e5 cxd4 14. Qxd4 Ne8 15. Qe3
Nc5 16. e6 f5 17. Bd5 Rc8 18. Ng5 Nf6 19. Qh3 h5 20. Ba2 Qc7 21. Qg3 Nce4 22.
Nfxe4 Nxe4 23. Nxe4 fxe4 24. Qxg6 Qxc2 25. Bd2 Qd3 26. Qxh5 e3 27. Bxe3 Qxe3+
28. Kd1 0-1

[Event "Bois Colombes II-Quimper"]
[Site "Gien"]
[Date "2007.11.24"]
[Round "2.8"]
[White "Brient, Yoann"]
[Black "Frih, Ameur"]
[Result "1-0"]
[WhiteElo "1859"]
[BlackElo "2115"]
[PlyCount "61"]
[EventDate "2007.11.24"]
[SourceDate "2007.10.25"]

1. d4 Nf6 2. c4 e6 3. Nf3 Bb4+ 4. Bd2 Qe7 5. e3 Bxd2+ 6. Nbxd2 a5 7. e4 d6 8.
e5 Nfd7 9. exd6 cxd6 10. Bd3 O-O 11. O-O Rd8 12. Rc1 Nf8 13. Re1 a4 14. Ne4 Ng6
15. Re3 Nf4 16. Bb1 d5 17. Neg5 h6 18. Qc2 g6 19. Nxf7 Qxf7 20. Ne5 Qg7 21.
Nxg6 e5 22. Rg3 Bf5 23. Ne7+ Kh8 24. Nxf5 Qf8 25. dxe5 Nc6 26. Qd2 Nd4 27. Nxd4
dxc4 28. Qc3 Nd3 29. Rxd3 cxd3 30. Qxd3 Qe7 31. Qe3 {suite illisible} 1-0

[Event "Orleans-Evry Grand Roque II"]
[Site "Orleans"]
[Date "2007.11.25"]
[Round "3.1"]
[White "Perrin, Christophe"]
[Black "Maisuradze, Nino"]
[Result "0-1"]
[WhiteElo "2268"]
[BlackElo "2267"]
[PlyCount "96"]
[EventDate "2007.11.25"]
[SourceDate "2007.10.25"]
[WhiteTeam "Orléans"]
[BlackTeam "Evry"]

1. e4 c5 2. Nf3 Nc6 3. Bb5 g6 4. O-O Bg7 5. Nc3 Nf6 6. d3 O-O 7. h3 d6 8. Be3
Bd7 9. Qd2 Rc8 10. Bxc6 Bxc6 11. Bh6 e5 12. Bxg7 Kxg7 13. Ne2 c4 14. Ng3 cxd3
15. cxd3 h6 16. Nh2 d5 17. Qe3 dxe4 18. dxe4 Qb6 19. Qxb6 axb6 20. f3 Ra8 21.
Rfd1 Ra4 22. Ne2 b5 23. Nc3 Rc4 24. Nf1 b4 25. Nd2 Rd4 26. Ne2 Rd3 27. Nb3
Rxd1+ 28. Rxd1 Ra8 29. Nbc1 Nd7 30. Kf2 Nc5 31. Rd2 Bxe4 32. fxe4 Nxe4+ 33. Ke3
Nxd2 34. Kxd2 f5 35. Kd3 Rd8+ 36. Ke3 e4 37. g4 Kf6 38. gxf5 gxf5 39. h4 Rd1
40. Kf2 Rd2 41. a3 Rxb2 42. axb4 f4 43. Ke1 Kf5 44. b5 f3 45. Nd4+ Kg4 46. Ncb3
e3 47. Nc1 Rh2 48. Kd1 Rd2+ 0-1

[Event "Orleans-Evry Grand Roque II"]
[Site "Orleans"]
[Date "2007.11.25"]
[Round "3.2"]
[White "Betton, Olivier"]
[Black "Spitz, Christophe"]
[Result "1/2-1/2"]
[WhiteElo "2188"]
[BlackElo "2161"]
[PlyCount "127"]
[EventDate "2007.11.25"]
[SourceDate "2007.10.25"]
[WhiteTeam "Evry"]
[BlackTeam "Orléans"]

1. c4 e5 2. g3 Nf6 3. Bg2 d5 4. cxd5 Nxd5 5. Nf3 Nc6 6. O-O Be7 7. d4 e4 8. Ne5
Nxe5 9. dxe5 Bf5 10. Bxe4 Bxe4 11. Qa4+ Qd7 12. Qxe4 O-O-O 13. Nc3 Bc5 14. Bg5
Nxc3 15. bxc3 Rde8 16. Rab1 c6 17. Be3 Bxe3 18. Qxe3 Kb8 19. Rb4 Re7 20. Ra4 b6
21. f4 Rhe8 22. Qd3 c5 23. Re4 f6 24. exf6 Qxd3 25. exd3 Rxe4 26. f7 R4e7 27.
fxe8=Q+ Rxe8 28. Kf2 Rd8 29. Rd1 Kc7 30. d4 cxd4 31. cxd4 Kd6 32. Ke3 Re8+ 33.
Kd3 Kd5 34. Rc1 Re4 35. Rc4 a5 36. a4 Re1 37. Rc7 Rd1+ 38. Ke3 Re1+ 39. Kf2 Ra1
40. Rxg7 Kxd4 41. Rb7 Rxa4 42. Rxb6 Ra2+ 43. Kf3 Rxh2 44. f5 a4 45. Ra6 Ke5 46.
Kg4 Rf2 47. Rxa4 h5+ 48. Kxh5 Kxf5 49. g4+ Kf6 50. g5+ Kg7 51. Ra7+ Kg8 52. Kg6
Rf8 53. Rg7+ Kh8 54. Rf7 Ra8 55. Kh6 Kg8 56. Rb7 Rc8 57. Re7 Ra8 58. Kg6 Rb8
59. Kf6 Ra8 60. Rd7 Rb8 61. Rg7+ Kh8 62. Re7 Kg8 63. Re6 Ra8 64. Rd6 1/2-1/2

[Event "Orleans-Evry Grand Roque II"]
[Site "Orleans"]
[Date "2007.11.25"]
[Round "3.3"]
[White "Vaillant, Stephane"]
[Black "Guyard, Rodolphe"]
[Result "0-1"]
[WhiteElo "2027"]
[BlackElo "2124"]
[PlyCount "80"]
[EventDate "2007.11.25"]
[SourceDate "2007.10.25"]
[WhiteTeam "Orléans"]
[BlackTeam "Evry"]

1. d4 e6 2. Nf3 f5 3. g3 b6 4. Bg2 Bb7 5. O-O Nf6 6. c4 Be7 7. Nc3 O-O 8. Re1
Bb4 9. Qb3 Bxc3 10. Qxc3 Ne4 11. Qc2 Qf6 12. e3 Nc6 13. b3 d6 14. Bb2 Ne7 15.
b4 Qh6 16. Nd2 Qg6 17. a4 a5 18. bxa5 Rxa5 19. Nb3 Ra7 20. a5 bxa5 21. Rxa5
Rxa5 22. Nxa5 Ba8 23. Ra1 Ng5 24. Bxa8 Rxa8 25. Nb3 Rxa1+ 26. Bxa1 Qh5 27. f4
Nf3+ 28. Kh1 Nxh2 29. Qxh2 Qd1+ 30. Qg1 Qxb3 31. Qc1 Kf7 32. Kg2 Ng8 33. Qc3
Qxc3 34. Bxc3 c6 35. Bb4 d5 36. cxd5 exd5 37. Kf3 Nf6 38. Be1 Ke6 39. Ke2 Ne4
40. Kf3 h5 0-1

[Event "Orleans-Evry Grand Roque II"]
[Site "Orleans"]
[Date "2007.11.25"]
[Round "3.4"]
[White "Roumegous, Etienne"]
[Black "Gastal, Laurent"]
[Result "1-0"]
[WhiteElo "2100"]
[BlackElo "1992"]
[PlyCount "71"]
[EventDate "2007.11.25"]
[SourceDate "2007.10.25"]
[WhiteTeam "Evry"]
[BlackTeam "Orléans"]

1. d4 Nf6 2. c4 g6 3. f3 Bg7 4. e4 O-O 5. Be3 d6 6. Ne2 c5 7. dxc5 Qa5+ 8. Qd2
Nc6 9. cxd6 exd6 10. Qxa5 Nxa5 11. Nd2 Nd7 12. O-O-O Ne5 13. Nd4 Bd7 14. Kb1
Rfc8 15. Rc1 a6 16. Be2 Rab8 17. h3 Nec6 18. N2b3 Nxb3 19. Nxb3 Be6 20. Bb6 Ne5
21. Na5 Nd7 22. Ba7 Ra8 23. Be3 Nc5 24. Rhd1 b6 25. Nb3 Nxb3 26. axb3 Rc6 27.
Rd2 Rac8 28. Rcd1 b5 29. Rxd6 Rxd6 30. Rxd6 Be5 31. Rxa6 bxc4 32. bxc4 Rb8 33.
Rb6 Ra8 34. c5 Kg7 35. Ba6 Bc7 36. Bb7 1-0

[Event "Orleans-Evry Grand Roque II"]
[Site "Orleans"]
[Date "2007.11.25"]
[Round "3.5"]
[White "Maurel, Jean Louis"]
[Black "Baumhauer, Christian"]
[Result "0-1"]
[WhiteElo "2006"]
[BlackElo "2035"]
[PlyCount "132"]
[EventDate "2007.11.25"]
[SourceDate "2007.10.25"]
[WhiteTeam "Orléans"]
[BlackTeam "Evry"]

1. d4 Nf6 2. c4 e6 3. g3 d5 4. Bg2 a6 5. Nf3 dxc4 6. O-O Nbd7 7. a4 Rb8 8. a5
Bd6 9. Qa4 O-O 10. Qxc4 b5 11. Qc2 Bb7 12. Nc3 Qe7 13. Re1 c5 14. e4 cxd4 15.
Nxd4 Rbc8 16. Qd1 Rfd8 17. Qe2 Bb8 18. Bg5 Qb4 19. Nf3 h6 20. Bxf6 Nxf6 21. e5
Nd5 22. Ne4 Qc4 23. Qxc4 Rxc4 24. Rac1 Rdc8 25. Rxc4 Rxc4 26. Nfd2 Rc2 27. Nb3
Ba7 28. Rc1 Rxc1+ 29. Nxc1 Nb4 30. Nc3 Bxg2 31. Kxg2 Nc6 32. Nd3 Kf8 33. f4 Ke7
34. Ne4 Nxa5 35. Ndc5 Bxc5 36. Nxc5 Nc4 37. b4 a5 38. bxa5 Nxa5 39. Kf3 Kd8 40.
Ke4 Kc7 41. Kd4 Nc6+ 42. Kc3 Kb6 43. Ne4 Ne7 44. Nd6 Nd5+ 45. Kb3 f6 46. Ne8
fxe5 47. fxe5 g6 48. Nd6 Kc5 49. g4 Ne3 50. h3 Nd5 51. h4 h5 52. gxh5 gxh5 53.
Ne4+ Kd4 54. Ng3 Nf4 55. Kb4 Kxe5 56. Kxb5 Kd4 57. Kc6 e5 58. Kd6 e4 59. Ke7 e3
60. Kf6 e2 61. Nxe2+ Nxe2 62. Kg5 Ng3 63. Kf4 Ne4 64. Kf5 Ke3 65. Kg6 Ng3 66.
Kg5 Kf3 0-1

[Event "Lisieux-Bagneux"]
[Site "Gonfreville l'Orcher"]
[Date "2007.11.25"]
[Round "3.1"]
[White "Coursaget, Nicolas"]
[Black "Mohandesi, Shahin"]
[Result "1-0"]
[WhiteElo "2300"]
[BlackElo "2322"]
[PlyCount "85"]
[EventDate "2007.11.25"]
[SourceDate "2007.10.25"]

1. d4 Nf6 2. c4 e6 3. Nf3 d5 4. Nc3 Bb4 5. cxd5 exd5 6. Bg5 Nbd7 7. e3 c5 8.
Bd3 Qa5 9. Qc2 c4 10. Bf5 g6 11. Bxd7+ Nxd7 12. Bh6 Nb6 13. O-O Bxc3 14. bxc3
Bf5 15. Qb2 O-O-O 16. Ne5 Be6 17. Bg5 Rde8 18. a4 Rhf8 19. Bf6 Nd7 20. Rfb1 Qa6
21. Nxd7 Bxd7 22. Be5 f6 23. Bg3 Bf5 24. Rd1 Qc6 25. Qb4 Rf7 26. Rd2 Rd7 27.
Rb2 Ree7 28. a5 Kd8 29. Bb8 a6 30. Qa3 Ke8 31. Raa2 Kf7 32. Rb6 Qc8 33. Bd6 Re6
34. Rab2 g5 35. Qc5 Qd8 36. Rxb7 Kg6 37. Rb8 Rdxd6 38. Rxd8 Rxd8 39. h3 Ree8
40. Rb6 Bc8 41. Rd6 Rxd6 42. Qxd6 Bb7 43. Qd7 1-0

[Event "Lisieux-Bagneux"]
[Site "Gonfreville l'Orcher"]
[Date "2007.11.25"]
[Round "3.2"]
[White "Mokcsay, Robert"]
[Black "Decosse, Jean Fabien"]
[Result "1/2-1/2"]
[WhiteElo "2299"]
[BlackElo "2245"]
[PlyCount "30"]
[EventDate "2007.11.25"]
[SourceDate "2007.10.25"]

1. c4 g6 2. Nc3 Bg7 3. g3 c6 4. Bg2 d6 5. e4 Nd7 6. Nge2 e5 7. O-O Ne7 8. d3
O-O 9. Be3 f5 10. Qd2 Nf6 11. Bg5 Rf7 12. Bh3 Qf8 13. exf5 gxf5 14. d4 h6 15.
dxe5 dxe5 1/2-1/2

[Event "Lisieux-Bagneux"]
[Site "Gonfreville l'Orcher"]
[Date "2007.11.25"]
[Round "3.3"]
[White "Bourdonnais, Loic"]
[Black "Le Quang, Kim"]
[Result "0-1"]
[WhiteElo "2180"]
[BlackElo "2278"]
[PlyCount "84"]
[EventDate "2007.11.25"]
[SourceDate "2007.10.25"]

1. c4 g6 2. g3 Bg7 3. Bg2 d6 4. Nc3 e5 5. d3 Nc6 6. e4 Be6 7. Nge2 Qd7 8. Nd5
Nce7 9. O-O c6 10. Nxe7 Nxe7 11. Be3 O-O 12. Rc1 d5 13. cxd5 cxd5 14. d4 Rfd8
15. dxe5 dxe4 16. Nc3 Qe8 17. Qe2 Bxe5 18. Nxe4 Nd5 19. Bg5 f6 20. Nc5 Bf7 21.
Rfe1 Qf8 22. Nxb7 Re8 23. Qd2 Bxb2 24. Rxe8 Rxe8 25. Qxb2 fxg5 26. Qd4 Qa3 27.
Rd1 Nc3 28. Qd3 Qb4 29. a3 Qb3 30. Rd2 Bc4 31. Rb2 Bxd3 32. Rxb3 Re1+ 33. Bf1
Rxf1+ 34. Kg2 Rc1 35. Nd6 g4 36. h3 Bf1+ 37. Kh2 gxh3 38. Rb8+ Kg7 39. Rb7+ Kf6
40. Rc7 Ke6 41. Ne4 Bg2 42. Ng5+ Kd6 0-1

[Event "Lisieux-Bagneux"]
[Site "Gonfreville l'Orcher"]
[Date "2007.11.25"]
[Round "3.4"]
[White "Gollain, Marc"]
[Black "Marie, Maxime"]
[Result "1/2-1/2"]
[WhiteElo "2194"]
[BlackElo "2240"]
[PlyCount "31"]
[EventDate "2007.11.25"]
[SourceDate "2007.10.25"]

1. Nf3 Nf6 2. c4 g6 3. Nc3 Bg7 4. e4 c5 5. d4 cxd4 6. Nxd4 Nc6 7. Be3 O-O 8.
Be2 d6 9. O-O a6 10. Rc1 Bd7 11. f3 Rc8 12. Qd2 Re8 13. Rfd1 Ne5 14. b3 Qa5 15.
Bf1 Nc6 16. Qf2 1/2-1/2

[Event "Lisieux-Bagneux"]
[Site "Gonfreville l'Orcher"]
[Date "2007.11.25"]
[Round "3.5"]
[White "Le Borgne, Pierre"]
[Black "Goerlinger, Stephane"]
[Result "1-0"]
[WhiteElo "2222"]
[BlackElo "2222"]
[PlyCount "39"]
[EventDate "2007.11.25"]
[SourceDate "2007.10.25"]

1. e4 c5 2. Nf3 e6 3. d4 cxd4 4. Nxd4 Nf6 5. Bd3 Nc6 6. Nxc6 dxc6 7. O-O e5 8.
Nd2 Bg4 9. Qe1 Be7 10. Nc4 Qc7 11. f4 exf4 12. Bxf4 Qc8 13. Nd6+ Bxd6 14. Bxd6
Qd7 15. e5 Nd5 16. Qg3 h5 17. c4 Nb6 18. Rf4 a6 19. Raf1 g5 20. Rxf7 1-0

[Event "Lisieux-Bagneux"]
[Site "Gonfreville l'Orcher"]
[Date "2007.11.25"]
[Round "3.6"]
[White "Sabban, Manuel"]
[Black "Barbini, Denis"]
[Result "0-1"]
[WhiteElo "1867"]
[BlackElo "2133"]
[PlyCount "52"]
[EventDate "2007.11.25"]
[SourceDate "2007.10.25"]

1. d4 d6 2. c4 g6 3. e4 Bg7 4. Nf3 Nf6 5. Nc3 O-O 6. Be2 e5 7. d5 Nbd7 8. h3
Nc5 9. Qc2 a5 10. Be3 Nh5 11. Na4 b6 12. Nxc5 bxc5 13. g3 f5 14. Bd2 fxe4 15.
Nh4 Nf4 16. Qxe4 Nxe2 17. Qxe2 e4 18. Be3 Rb8 19. Rb1 Qf6 20. b3 g5 21. Ng2 Qf3
22. Kf1 Qxg3 23. Qh5 Bd4 24. Qxg5+ Qxg5 25. Bxg5 Rxf2+ 26. Kg1 Rb2+ 0-1

[Event "Lisieux-Bagneux"]
[Site "Gonfreville l'Orcher"]
[Date "2007.11.25"]
[Round "3.7"]
[White "Payen, Gerard"]
[Black "Blanche, Paul"]
[Result "0-1"]
[WhiteElo "1867"]
[BlackElo "2132"]
[PlyCount "98"]
[EventDate "2007.11.25"]
[SourceDate "2007.10.25"]

1. d4 e6 2. c4 d5 3. Nc3 Nf6 4. cxd5 exd5 5. Bg5 c6 6. e3 Be7 7. Qc2 g6 8. Bd3
O-O 9. Nge2 Re8 10. O-O Nbd7 11. f3 Nh5 12. Bxe7 Rxe7 13. e4 Nf8 14. Rad1 Ng7
15. b4 a6 16. a4 Be6 17. a5 Rc8 18. Na4 Nd7 19. Ng3 f6 20. Qc3 Bf7 21. f4 Re8
22. Nc5 Nxc5 23. dxc5 Rc7 24. exd5 Bxd5 25. f5 g5 26. Bc4 Re5 27. Bxd5+ cxd5
28. Qd3 Qe8 29. Qf3 Rd7 30. Rd4 Qf7 31. Rfd1 Rd8 32. Qd3 Qd7 33. Rf1 Qf7 34.
Qf3 Qe8 35. Qd3 h5 36. Rd1 Qf7 37. Qd2 h4 38. Ne4 Nxf5 39. Nxg5 Qh5 40. Ne4 Kg7
41. Nd6 Nxd4 42. Qxd4 Rd7 43. Rf1 Rde7 44. Qf4 R7e6 45. Nf5+ Kh7 46. h3 Qg5 47.
Qf3 Re4 48. Qd3 R6e5 49. Qf3 Re1 0-1

[Event "Gonfreville l'Orcher II-Sautron"]
[Site "Gonfreville l'Orcher"]
[Date "2007.11.25"]
[Round "3.1"]
[White "Lefebvre, Herve"]
[Black "Pham Minh, Hoang"]
[Result "0-1"]
[WhiteElo "2249"]
[BlackElo "2475"]
[PlyCount "64"]
[EventDate "2007.11.25"]
[SourceDate "2007.10.25"]

1. e4 c5 2. Nf3 d6 3. d4 cxd4 4. Nxd4 Nf6 5. Nc3 e5 6. Bb5+ Nbd7 7. Nf5 a6 8.
Ba4 b5 9. Bb3 Nc5 10. Bg5 h6 11. Bxf7+ Kxf7 12. Bxf6 Kxf6 13. Qf3 Kg6 14. h4
Kh7 15. O-O-O Be6 16. g4 g6 17. g5 h5 18. Nd5 Bg7 19. Nde7 Rf8 20. Qe2 Nb7 21.
Rhg1 Bxf5 22. Nxf5 Qd7 23. Kb1 Rxf5 24. exf5 Qxf5 25. Rd5 Rf8 26. a4 bxa4 27.
Qxa6 Qd7 28. Rgd1 Rxf2 29. Qb6 Qf7 30. c4 Qf4 31. Qb4 e4 32. Qxa4 e3 0-1

[Event "Gonfreville l'Orcher II-Sautron"]
[Site "Gonfreville l'Orcher"]
[Date "2007.11.25"]
[Round "3.2"]
[White "Lubczynski, Rafal"]
[Black "Jeanne, Mickael"]
[Result "1-0"]
[WhiteElo "2377"]
[BlackElo "2236"]
[PlyCount "35"]
[EventDate "2007.11.25"]
[SourceDate "2007.10.25"]

1. d4 e6 2. c4 Nf6 3. Nf3 d5 4. g3 dxc4 5. Qa4+ Nc6 6. Bg2 Bb4+ 7. Nc3 Bd7 8.
O-O Nd5 9. Nxd5 exd5 10. Qb5 Nxd4 11. Qxb4 Nc2 12. Qc3 Na3 13. Qxg7 Rf8 14. Bh6
Qe7 15. Qxf8+ Qxf8 16. Bxf8 Kxf8 17. Rad1 Re8 18. e3 1-0

[Event "Gonfreville l'Orcher II-Sautron"]
[Site "Gonfreville l'Orcher"]
[Date "2007.11.25"]
[Round "3.4"]
[White "Rate, Bruno"]
[Black "Vaugeois, Stephane"]
[Result "1/2-1/2"]
[WhiteElo "2106"]
[BlackElo "2094"]
[PlyCount "85"]
[EventDate "2007.11.25"]
[SourceDate "2007.10.25"]

1. d4 Nf6 2. Nf3 g6 3. g3 Bg7 4. Bg2 O-O 5. O-O d5 6. c3 c5 7. h3 cxd4 8. cxd4
Qb6 9. Nc3 Nc6 10. Bg5 Rd8 11. Na4 Qa5 12. Ne5 h6 13. Nxc6 bxc6 14. Bd2 Qb5 15.
Rc1 Ne4 16. Be1 Ba6 17. f3 Nd6 18. Bf2 Qxe2 19. Nc5 Qxd1 20. Rfxd1 Bc8 21. Nd3
Bd7 22. Nb4 Rdc8 23. Na6 Nb5 24. f4 e6 25. Nc5 Be8 26. Bf1 a5 27. b3 Bf8 28.
Kg2 Rcb8 29. g4 Nc7 30. f5 Bxc5 31. Rxc5 a4 32. Bg3 Rb7 33. Bxc7 Rxc7 34. b4
Rb7 35. a3 exf5 36. gxf5 gxf5 37. Bd3 Bd7 38. Re1 Kg7 39. Kf3 Kf6 40. Kf4 Rg8
41. Ra5 Rg2 42. Rf1 Kg7 43. Rf3 1/2-1/2